000 00692nam a2200169 i 4500
001 183906
003 ES-MaACL
005 20230906222011.0
008 141121s1870 sp |||| | spa d
080 _a35(460).08
245 0 0 _aCuestión pendiente con motivo de la separación de los funcionarios de oposición del Ministerio de Gracia y Justicia procedentes de la Dirección General del Registro de la Propiedad, hoy restablecida.
260 _aMadrid :
_b[s.n.],
_c1870 (
_fImp. y Estereotipia de M. Rivadeneyra)
300 _a30 p. ;
_c22 cm.
650 4 _aFuncionarios-
_zEspaña.
_913011
710 1 _aEspaña.
_bMinisterio de Gracia y Justicia.
_93873
852 4 _aES-MaACL
_jT-114-F-5
999 _c183906
_d183906